Chemistry Most Likely Question Sets-XII (Record no. 11636)

MARC details
000 -LEADER
fixed length control field 00268nam a22000977a 4500
008 - FIXED-LENGTH DATA ELEMENTS--GENERAL INFORMATION
fixed length control field 190923b ||||| |||| 00| 0 eng d
020 ## - INTERNATIONAL STANDARD BOOK NUMBER
International Standard Book Number 9789386299666
100 ## - MAIN ENTRY--PERSONAL NAME
Personal name CBSE
9 (RLIN) 7339
245 ## - TITLE STATEMENT
Title Chemistry Most Likely Question Sets-XII
260 ## - PUBLICATION, DISTRIBUTION, ETC. (IMPRINT)
Place of publication, distribution, etc. AGRA
Name of publisher, distributor, etc. Oswal Publications
Date of publication, distribution, etc. 2017
Holdings
Withdrawn status Lost status Source of classification or shelving scheme Damaged status Koha normalized classification for sorting Not for loan Home library Current library Shelving location Date acquired Total Checkouts Total Renewals Full call number Barcode Date last seen Date last checked out Price effective from Koha item type
    Dewey Decimal Classification   CBS_540_000000000000000   Good Samaritan School Library Good Samaritan School Library Chemistry 09/23/2019 4 3 CBS540 CBS14938 02/03/2020 01/30/2020 09/23/2019 BOOK

Powered by Koha